000 02228nam a2200409 a 4500
001 78083
003 BD-RjUL
005 20211209083104.0
008 210316b 2001bg ||||| m||| 00| 0 ben d
035 _a(BD-RjUL)78309
040 _aBD-RjUL
_bben / eng
_cBD-RjUL
_dBD-RjUL
041 _aben
082 _a305.48697
_bRAA 2001
_223
100 _aরহমান. মাহবুবা
_9246124
245 1 0 _aআল - কুরআন ও আল- হাদীসের আলোকে নারী :
_bশিক্ষা ও স্বাধিকার'' /
_cমাহবুবা, রহমান ;
_6তত্ত্বাবধায়ক : এ. কে. এম. শামসুল আলম
260 _aরাজশাহী :
_bআরবী বিভাগ, রাজশাহী বিশ্ববিদ্যালয়,
_c২০০১
300 _aviii, ২৯৪ পাতা ;
_c২৯ সেমি.
502 _aথিসিস (পিএইচ. ডি.) -- আরবী বিভাগ, রাজশাহী বিশ্ববিদ্যালয়, ২০০১
504 _aগ্রন্থপঞ্জী : পাতা ২৮২ - ২৯৪
600 _a
_q
_x
_9246278
650 _aইসলামে নারী
_9243953
650 _aWomen in Islam.
_9246231
650 _aমহিলাদের অধিকার
_xধর্মীয় দিক
_xইসলাম
_9246232
650 _aWomen's rights
_xReligious aspects
_xIslam
_9246233
650 _aকুরআনে মহিলা
_9244066
650 _aWomen in the Qurʼan
_9246234
650 _aহাদীসে মহিলা
_9243963
650 _aWomen in the Hadith
_9246235
650 _aমুসলিম মহিলা
_xজীবনযাত্রা।
_9246236
650 _aMuslim women
_xConduct of life
_9246237
650 _a মহিলা (ইসলামী আইন)
_9246238
650 _aWomen (Islamic law)
_9246240
650 _aমুসলিম মহিলা
_xশিক্ষা
_9246255
650 _aMuslim women
_xEducation
_9246256
700 _aআলম, এ. কে. এম. শামসুল, তত্ত্বাবধায়ক
_9246127
942 _2ddc
_cTHE
999 _c78083
_d78083